| 000 | 00406nam a22001577a 4500 | ||
|---|---|---|---|
| 003 | SGT | ||
| 020 | _a97881994708754 | ||
| 082 |
_a612 _bC23S |
||
| 100 | _aSUSHRUTHA ACADEMY | ||
| 245 | _aCOMPETENCY BASED QUESTIONS & ANSWER IN PHYSIOLOGY | ||
| 260 |
_aNEW DELHI _bCBS PUB. _c2023 |
||
| 300 | _a499 | ||
| 650 | _aPHYSIOLOGY | ||
| 653 | _aCOMPETENCY, QUESTIONS , ANSWER , PHYSIOLOGY | ||
| 942 |
_2ddc _cBK _046 |
||
| 999 |
_c24010 _d24010 |
||